銃剣道の部活動等がある高校 - Statistics

General Stats
  • This quiz has been taken 4 times
  • The average score is 1 of 14
Answer Stats
県名 Answer % Correct
青森県 青森山田高校
50%
宮城県 南郷高校
25%
鹿児島県 国分中央高校
25%
宮城県 宮城農業高校
0%
神奈川県 高等工科学校
0%
新潟県 三条商業高校
0%
三重県 皇學館高校
0%
大阪府 清風学園
0%
島根県 出雲西高校
0%
香川県 尽誠学園高校
0%
愛媛県 東温高校
0%
高知県 高知中央高校
0%
佐賀県 佐賀農業高校
0%
大分県 日田林工高校
0%
No matching quizzes found
Score Distribution
Percent of People with Each Score
Percentile by Number Answered
Your Score History
You have not taken this quiz